| 000 | 00923nam a22002417a 4500 | ||
|---|---|---|---|
| 999 |
_c63682 _d63682 |
||
| 005 | 20240530110653.0 | ||
| 008 | 171217s2015 ua g b 000 0dara d | ||
| 017 |
_a2015/20447 _bمصر. دار الكتب |
||
| 020 | _a9789777950183 | ||
| 040 |
_aEG-CaGPL _cEG-CaGPL |
||
| 082 | 0 | 4 |
_221 _a182\ _bم ت |
| 100 | 0 | _aمصطفى النشار | |
| 245 | 1 | 0 |
_aتاريخ الفلسفة اليونانية من منظور شرقى : _bالسابقون على السوفسطائيين / _cمصطفى النشار . |
| 250 | _aط.1 | ||
| 260 |
_aالقاهرة : _bالدار المصرية اللبنانية ، _c2016 . |
||
| 300 |
_a302 ص. ؛ _c24 سم. |
||
| 504 | _aببليوجرافية : ص 279 - 288 | ||
| 600 | 0 | _aاخناتون | |
| 650 | 0 | 7 |
_2qrmak _aالفلسفة اليونانية |
| 650 | 0 | 7 |
_2qrmak _aالفلسفة الهندية |
| 942 |
_2ddc _cBK |
||